Locations with Country Names - Statistics

General Stats
  • This quiz has been taken 185 times
  • The average score is 10 of 17
Answer Stats
Hint Country % Correct
The river where Christ was baptized Jordan
93%
Papua is New Guinea
81%
Artificial waterway that connects the Atlantic Ocean with the Pacific Ocean Panama
79%
Democratic ________ __ ___ _____ Republic of the Congo
73%
Atlanta is its capital city Georgia
69%
One of the country capitals in Benelux Luxembourg
66%
East _____ Sea, South _____ Sea China
65%
US state with capital city of Santa Fe Mexico
65%
The longest river in Mali Niger
62%
Inner is in China Mongolia
59%
One of the African Great Lakes Malawi
56%
Londonderry is the 2nd largest city there Ireland
53%
Capital city of Trinidad and Tobago Spain
44%
The 4th most populated city in Nigeria Benin
35%
The longest river of Mauritania Senegal
34%
The Northernmonst region of Iran Azerbaijan
33%
The southernmost territory of the United States Samoa
33%
No matching quizzes found
Score Distribution
Percent of People with Each Score
Percentile by Number Answered
Your Score History
You have not taken this quiz